| 000 -LEADER |
| fixed length control field |
01046cam a22002418i 4500 |
| 001 - CONTROL NUMBER |
| control field |
20684242 |
| 005 - DATE AND TIME OF LATEST TRANSACTION |
| control field |
20210331165717.0 |
| 008 - FIXED-LENGTH DATA ELEMENTS--GENERAL INFORMATION |
| fixed length control field |
180927s2020 nyu b 001 0 eng |
| 020 ## - INTERNATIONAL STANDARD BOOK NUMBER |
| International Standard Book Number |
9780135227763 |
| 041 ## - LANGUAGE CODE |
| Language code of text/sound track or separate title |
eng |
| 080 ## - UNIVERSAL DECIMAL CLASSIFICATION NUMBER |
| Universal Decimal Classification number |
159.922.6 B-87 |
| 100 1# - MAIN ENTRY--PERSONAL NAME |
| Personal name |
Broderick, Patricia C., |
| Relator term |
author. |
| 9 (RLIN) |
10951 |
| 245 14 - TITLE STATEMENT |
| Title |
The life span : |
| Remainder of title |
human development for helping professionals / |
| Statement of responsibility, etc. |
Patricia C. Broderick, Penn State Prevention Research Center, Pamela Blewitt, Villanova University. |
| 250 ## - EDITION STATEMENT |
| Edition statement |
Fifth edition. |
| 264 #1 - PRODUCTION, PUBLICATION, DISTRIBUTION, MANUFACTURE, AND COPYRIGHT NOTICE |
| Place of production, publication, distribution, manufacture |
New York : |
| Name of producer, publisher, distributor, manufacturer |
Pearson, |
| Date of production, publication, distribution, manufacture, or copyright notice |
2020. |
| 300 ## - PHYSICAL DESCRIPTION |
| Extent |
769 pages ; |
| Other physical details |
29 cm. |
| 650 #0 - SUBJECT ADDED ENTRY--TOPICAL TERM |
| Topical term or geographic name entry element |
Developmental psychology. |
| 9 (RLIN) |
6673 |
| 653 ## - INDEX TERM--UNCONTROLLED |
| keyword |
სიცოცხლის ხანგრძლივობა |
| 653 ## - INDEX TERM--UNCONTROLLED |
| keyword |
ადამიანის განვითარება პროფესიონალების დასახმარებლად |
| 653 ## - INDEX TERM--UNCONTROLLED |
| keyword |
განვითარების ფსიქოლოგია |
| 700 1# - ADDED ENTRY--PERSONAL NAME |
| Personal name |
Blewitt, Pamela |
| Relator term |
ავტორი |
| 9 (RLIN) |
10952 |
| 942 ## - ADDED ENTRY ELEMENTS (KOHA) |
| Source of classification or shelving scheme |
|
| Koha item type |
წიგნი |